000 00388nam a2200145Ia 4500
008 130318s9999 xx 000 0 und d
020 _a9788131215197
082 _a621.3822 TAN/B
100 _aTan, L.I
245 _aDigital signal processing:Fundamentals and applications
260 _bElsevier
_aU.S.A
_c2011
300 _a816
650 _aMATLAB PROGRAMMING
650 _aMULTIMEDIA DSP
999 _c2433
_d2433